000 00368nam a22001457a 4500
003 MACL
005 20180228122004.0
008 180228b xxu||||| |||| 00| 0 eng d
040 _cMACL
100 _aKipling,Rudyard
_970883
245 _aTHE Second Jungle Book
260 _aDelih
_bPratham Prakashan Santhan
_c2009
650 _aChildran book
_97575
942 _2ddc
_cBK
999 _c57323
_d57323